Football Teams Loris Karius Played For - Statistics

General Stats
  • This quiz has been taken 30 times
  • The average score is 5 of 6
Answer Stats
League Years Team % Correct
England 2016-2018 Liverpool FC
100%
England 2021-2022 Liverpool FC
100%
Turkey 2018-2020 Beşiktaş JK
75%
England 2022- Newcastle United
71%
Germany 2011-2016 1.FSV Mainz 05
64%
Germany 2020-2021 1.FC Union Berlin
50%
No matching quizzes found
Score Distribution
Percent of People with Each Score
Percentile by Number Answered
Your Score History
You have not taken this quiz